[Event "Detroit (MCO/5/28)"]
[Site "?"]
[Date "1990.??.??"]
[Round "?"]
[White "McFolley, John"]
[Black "Lester, T."]
[Result "0-1"]
[WhiteElo "1605"]
[BlackElo "1605"]
[PlyCount "66"]
[EventDate "1990.??.??"]

{5/(28)} 1. e4 c5 2. Nc3 Nc6 3. Bc4 e6 4. Nf3 Nf6 5. d4 cxd4 6. Nxd4 Bc5 7.
Nxc6 bxc6 8. e5 Ng8 9. Qf3 Ne7 10. Be3 Qb6 11. Na4 Qb4+ 12. c3 Qxa4 13. Bxc5
Qxc4 14. Bxe7 Kxe7 15. b3 Qc5 16. O-O Qxe5 17. Rae1 Qa5 18. a4 Rb8 19. c4 Bb7
20. Qg3 c5 21. Qg5+ Ke8 22. Qxg7 Ke7 23. Re3 Rbg8 24. Qh6 Rxg2+ 25. Kh1 Rg6+
26. f3 Rxh6 27. Rf2 Qc7 28. Rg2 Rg8 29. Rf2 Rg5 30. Rfe2 Bxf3+ 31. Rxf3 Rhg6
32. Rf1 Qc6+ 33. Rg2 Qxg2# 0-1

[Event "Detroit (MCO/2/27)"]
[Site "?"]
[Date "1990.??.??"]
[Round "?"]
[White "McFolley, John"]
[Black "Endres, John"]
[Result "0-1"]
[WhiteElo "1605"]
[BlackElo "1605"]
[PlyCount "126"]
[EventDate "1990.??.??"]

{2/(27)} 1. e4 c5 2. Nf3 Nc6 3. Bc4 e6 4. d4 cxd4 5. Nxd4 Nf6 6. Nc3 Bb4 7. Bg5
O-O 8. a3 d5 9. Nxc6 bxc6 10. axb4 dxc4 11. Qxd8 Rxd8 12. O-O h6 13. Be3 a6 14.
b5 cxb5 15. Nxb5 Nxe4 16. Nc7 Rb8 17. Nxa6 Rxb2 18. Nc5 Nc3 19. Rae1 Rxc2 20.
f3 Nd5 21. Bd4 Nf4 22. Bf2 Nd3 23. Rd1 Rd5 24. Ne4 Bd7 25. Be3 Ba4 26. Bxh6
gxh6 27. Nf6+ Kg7 28. Nxd5 exd5 29. Ra1 Bb3 30. g3 Re2 31. f4 c3 32. Rf3 Rd2
33. Rc1 c2 34. Ra1 Rd1+ 35. Rf1 c1=Q 36. Rxc1 Nxc1 37. Rxd1 Bxd1 38. Kf1 Bg4
39. Ke1 Nd3+ 40. Kd2 Nf2 41. Ke3 Ne4 42. Kd4 Nf6 43. h4 h5 44. Ke5 Kg6 45. Kd4
Kf5 46. Ke3 Bh3 47. Kd4 Kg4 48. Ke5 Kxg3 49. f5 Bxf5 50. Kxf5 d4 51. Ke5 d3 52.
Kd4 d2 53. Ke5 d1=Q 54. Kxf6 Qf3+ 55. Ke5 Qf4+ 56. Kd5 Kf3 57. Kc5 Ke3 58. Kc6
Kd4 59. Kd7 Qe5 60. Kc6 Qd5+ 61. Kc7 Kc5 62. Kc8 Kb6 63. Kb8 Qb7# 0-1

[Event "Detroit (MCO/4/27)"]
[Site "?"]
[Date "1990.??.??"]
[Round "?"]
[White "McFolley, John"]
[Black "Bishop, T."]
[Result "0-1"]
[WhiteElo "1605"]
[BlackElo "1605"]
[PlyCount "100"]
[EventDate "1990.??.??"]

{4/(27)} 1. e4 e5 2. Nf3 Nf6 3. Nxe5 Nc6 4. Nxc6 dxc6 5. e5 Ne4 6. d3 Ng5 7. d4
Qd5 8. Bd3 Qxd4 9. Bxg5 Bc5 10. Be3 Qxb2 11. Nd2 Bxe3 12. Nc4 Bxf2+ 13. Kxf2
Qd4+ 14. Ke1 Bg4 15. Be2 Qc3+ 16. Kf1 Bxe2+ 17. Kxe2 Qxc4+ 18. Qd3 Qxd3+ 19.
Kxd3 O-O-O+ 20. Ke2 Rhe8 21. Kf2 Rxe5 22. Rhe1 Rd2+ 23. Kf1 Rf5+ 24. Kg1 b6 25.
c4 Rff2 26. Re8+ Kb7 27. g4 Rg2+ 28. Kf1 Rxg4 29. Ke1 Rdg2 30. Rd1 Rg1+ 31. Kd2
Rd4+ 32. Ke2 Rdxd1 33. Rf8 b5 34. cxb5 cxb5 35. Rxf7 Rde1+ 36. Kd3 a5 37. Rd7
Rd1+ 38. Ke2 Rxd7 39. Ke3 b4 40. Kf2 Rgd1 41. h4 a4 42. Kg3 b3 43. axb3 axb3
44. h5 b2 45. Kf4 b1=Q 46. Ke5 Re7+ 47. Kf4 Qe4+ 48. Kg3 Rf7 49. Kh3 Rf3+ 50.
Kh2 Qe2# 0-1

[Event "Detroit (MOR/4/5)"]
[Site "?"]
[Date "1990.??.??"]
[Round "?"]
[White "McDonough, J."]
[Black "Thomas, Henry"]
[Result "0-1"]
[WhiteElo "1730"]
[BlackElo "1605"]
[PlyCount "54"]
[EventDate "1990.??.??"]

{4/(5)} 1. e4 e5 2. Nc3 Nf6 3. g3 Bc5 4. Bg2 O-O 5. d3 d6 6. h3 Nc6 7. Bg5 h6
8. Bd2 Nd4 9. Nge2 Bd7 10. f4 exf4 11. gxf4 Nh5 12. h4 Nxe2 13. Nxe2 Bg4 14.
Bc3 Nxf4 15. Rh2 Nxg2+ 16. Rxg2 Qxh4+ 17. Kd2 Qh3 18. Qf1 Be3+ 19. Kd1 Qh5 20.
Ke1 f5 21. Rg3 fxe4 22. Qg2 Bf2+ 23. Kd2 Qg5+ 24. Kd1 Bxe2+ 25. Kxe2 Qxg3 26.
Re1 exd3+ 27. cxd3 Rae8+ 0-1

[Event "Detroit (MOR/7/3)"]
[Site "?"]
[Date "1990.??.??"]
[Round "?"]
[White "McDonough, J."]
[Black "Robbins, Fred"]
[Result "0-1"]
[WhiteElo "1730"]
[BlackElo "1780"]
[PlyCount "98"]
[EventDate "1990.??.??"]

{7/(3)} 1. e4 Nf6 2. Nc3 d5 3. e5 Ne4 4. d4 Nxc3 5. bxc3 Bf5 6. f4 e6 7. Nf3
Nd7 8. c4 c6 9. c3 h6 10. Be2 Be7 11. O-O O-O 12. h3 Nb6 13. c5 Nc4 14. Qa4 Qa5
15. Qb3 Qb5 16. Ne1 a5 17. Nc2 a4 18. Qxb5 cxb5 19. Ne3 Bh7 20. f5 Bg5 21. Nxc4
Bxc1 22. Nd6 Bd2 23. Nxb5 Bxf5 24. Rad1 Bg5 25. Bd3 Bxd3 26. Rxd3 Bd8 27. Rdf3
b6 28. c6 Rc8 29. Nd6 Rc7 30. g3 Bg5 31. Nxf7 Be7 32. Nd6 Rxf3 33. Rxf3 Bxd6
34. exd6 Rxc6 35. d7 Rd6 36. Re3 Kf7 37. Kf2 Rxd7 38. Ke2 Ke7 39. Kd3 b5 40. a3
Kd6 41. Ke2 Rf7 42. Ke1 h5 43. Ke2 Rf5 44. g4 hxg4 45. hxg4 Rf4 46. Rg3 g5 47.
Kd3 e5 48. dxe5+ Kxe5 49. Re3+ Re4 0-1

[Event "Detroit (MOR/6/8)"]
[Site "?"]
[Date "1990.??.??"]
[Round "?"]
[White "McDonough, J."]
[Black "Pope, Nick"]
[Result "1-0"]
[WhiteElo "1730"]
[BlackElo "1605"]
[PlyCount "55"]
[EventDate "1990.??.??"]

{6/(8)} 1. e4 d5 2. exd5 Nf6 3. c4 c6 4. dxc6 Nxc6 5. Nf3 Bg4 6. Be2 e6 7. b3
Bc5 8. Bb2 Qb6 9. O-O Ne4 10. d4 Nxd4 11. Bxd4 Bxd4 12. Nxd4 O-O-O 13. Bxg4
Rxd4 14. Qe2 Rhd8 15. Bf3 Nd2 16. Nxd2 Rxd2 17. Qe3 Qd4 18. Qxd4 R8xd4 19. Rfd1
b6 20. Kf1 f6 21. g3 h6 22. Ke1 Rxd1+ 23. Rxd1 Rxd1+ 24. Kxd1 Kc7 25. Kd2 Kd6
26. Kd3 Ke5 27. b4 g6 28. c5 1-0

[Event "Detroit (MOR/2/14)"]
[Site "?"]
[Date "1990.??.??"]
[Round "?"]
[White "McDonough, J."]
[Black "Gore, R."]
[Result "1-0"]
[WhiteElo "1730"]
[BlackElo "1605"]
[PlyCount "73"]
[EventDate "1990.??.??"]

{2/(14)} 1. e4 e5 2. Nc3 Nf6 3. g3 Nc6 4. Bg2 Be7 5. Nge2 d6 6. h3 Be6 7. d3 d5
8. f3 a6 9. Bg5 Ng8 10. exd5 Bxd5 11. Bxe7 Ngxe7 12. Nxd5 Qxd5 13. Qd2 f6 14.
Rg1 O-O-O 15. Nc3 Qd4 16. O-O-O Rd7 17. Rge1 Nd5 18. Re4 Qc5 19. Rc4 Qe3 20.
Nxd5 Qxd2+ 21. Kxd2 Rxd5 22. f4 Rd6 23. Bxc6 Rxc6 24. Rxc6 bxc6 25. fxe5 fxe5
26. Rf1 Rd8 27. Ke3 Rd7 28. Rf8+ Rd8 29. Rxd8+ Kxd8 30. Ke4 Ke7 31. Kxe5 g6 32.
g4 Kd7 33. Kf6 Kd6 34. Kg7 Ke6 35. Kxh7 Kf6 36. h4 c5 37. h5 1-0

[Event "Detroit (MCO/5/21)"]
[Site "?"]
[Date "1990.??.??"]
[Round "?"]
[White "McCarter, Robert"]
[Black "Watkins, K."]
[Result "1-0"]
[WhiteElo "1720"]
[BlackElo "1605"]
[PlyCount "69"]
[EventDate "1990.??.??"]

{5/(21)} 1. d4 Nf6 2. Nf3 g6 3. Bg5 Bg7 4. e3 d6 5. c4 O-O 6. Be2 c5 7. O-O Ne4
8. Bh4 cxd4 9. exd4 Qb6 10. Nbd2 Nxd2 11. Qxd2 Bg4 12. Bxe7 Re8 13. c5 dxc5 14.
Bxc5 Qc6 15. Rac1 Qe6 16. Bc4 Qf5 17. Bd3 Qh5 18. Rfe1 Nd7 19. Rxe8+ Rxe8 20.
Re1 Rxe1+ 21. Qxe1 Nxc5 22. Qe8+ Bf8 23. Bc4 Be6 24. Bxe6 Nxe6 25. h4 Nxd4 26.
Ng5 Qd1+ 27. Kh2 Nf3+ 28. Nxf3 Qd6+ 29. g3 Qe7 30. Qb5 a6 31. Qd5 Qe6 32. Qxb7
Qxa2 33. Ng5 h6 34. Ne4 Qe6 35. Nc3 {[1-0,41?]} 1-0

[Event "Lansing (MI Am/1/45)"]
[Site "?"]
[Date "1990.??.??"]
[Round "?"]
[White "McCarter, Robert"]
[Black "Watkins, K."]
[Result "1-0"]
[WhiteElo "1705"]
[BlackElo "1605"]
[PlyCount "135"]
[EventDate "1990.??.??"]

{1/(45)} 1. d4 d6 2. Nf3 Nc6 3. e3 Bg4 4. Be2 Qd7 5. c4 O-O-O 6. O-O Nf6 7. Nc3
e5 8. d5 Na5 9. b4 Nxc4 10. Bxc4 e4 11. Qd4 exf3 12. Qxa7 Qf5 13. Qa8+ Kd7 14.
Qxb7 Bh3 15. Bb5+ Ke7 16. Qxc7+ Nd7 17. Qc4 Bxg2 18. Qe4+ Qxe4 19. Nxe4 Bxf1
20. Kxf1 f5 21. Ng5 Rb8 22. Bxd7 Kxd7 23. Bd2 Be7 24. Nxf3 Rb5 25. a4 Rxd5 26.
Bc3 Rc8 27. Bxg7 h5 28. Nd4 f4 29. e4 Rg5 30. Bh6 Bf6 31. Rb1 Re5 32. f3 Re7
33. Nf5 Re5 34. Bxf4 Re6 35. b5 Be5 36. Be3 Bxh2 37. b6 Rb8 38. a5 Rg6 39. a6
d5 40. b7 Rxa6 41. exd5 Kc7 42. Ng7 Rxb7 43. Rc1+ Kd8 44. Bg5+ Kd7 45. Nxh5 Rb4
46. Nf6+ Kd6 47. Ne8+ Kxd5 48. Nc7+ Bxc7 49. Rxc7 Ra1+ 50. Kg2 Rb2+ 51. Kg3
Rg1+ 52. Kf4 Rb4+ 53. Kf5 Rb5 54. Be3 Kd6+ 55. Kf6 Re5 56. Bxg1 Re6+ 57. Kf7
Re1 58. Bh2+ Kd5 59. Rd7+ Kc6 60. Rd2 Kc5 61. Bd6+ Kc4 62. f4 Kc3 63. Rf2 Rd1
64. Be5+ Kc4 65. Ke6 Kc5 66. f5 Rd8 67. Rc2+ Kb6 68. Bc7+ 1-0

[Event "Lansing (MI Am/5/9)"]
[Site "?"]
[Date "1990.??.??"]
[Round "?"]
[White "McCarter, Robert"]
[Black "Triplett, Thomas"]
[Result "1-0"]
[WhiteElo "1705"]
[BlackElo "1890"]
[PlyCount "85"]
[EventDate "1990.??.??"]

{5/(9)} 1. d4 Nf6 2. Nf3 b6 3. e3 Bb7 4. Nbd2 g6 5. Bd3 Bg7 6. O-O O-O 7. Qe2
d5 8. c3 Nbd7 9. Re1 Ne4 10. c4 Ndf6 11. cxd5 Bxd5 12. Nxe4 Bxe4 13. Bxe4 Nxe4
14. Qc4 c5 15. dxc5 Nxc5 16. Qe2 Qc7 17. Rb1 Rad8 18. Bd2 Nd3 19. Red1 Nxb2 20.
Rbc1 Qd7 21. Rf1 Qa4 22. Bc3 Bxc3 23. Rxc3 Qb4 24. Rb3 Qc5 25. Rxb2 Rd7 26. Rd1
Rc7 27. Rbd2 Rfc8 28. g3 Qh5 29. Rd8+ Kg7 30. Rxc8 Rxc8 31. Rd7 Qh3 32. Qb2+
Kh6 33. Rxe7 Rd8 34. Nd4 f5 35. Qb3 Rc8 36. Ne2 Kg5 37. f4+ Kg4 38. Qd1 Qh6 39.
Nd4+ Kh3 40. Qf1+ Kg4 41. Qf3+ Kh3 42. g4+ Kh4 43. Qg3# 1-0

[Event "Detroit (MOR/7/9)"]
[Site "?"]
[Date "1990.??.??"]
[Round "?"]
[White "McCarter, Robert"]
[Black "Stanulis, T."]
[Result "1-0"]
[WhiteElo "1745"]
[BlackElo "1605"]
[PlyCount "31"]
[EventDate "1990.??.??"]

{7/(9)} 1. d4 d5 2. Nf3 Nc6 3. e3 Nf6 4. c4 e6 5. Nc3 Bb4 6. a3 Bxc3+ 7. bxc3
Ne4 8. Qc2 O-O 9. cxd5 exd5 10. c4 Re8 11. cxd5 Nxd4 12. Nxd4 Qf6 13. Bd3 c5
14. Bxe4 Rxe4 15. Qxe4 Bf5 16. Qxf5 1-0

[Event "Detroit (RVO/4)"]
[Site "?"]
[Date "1990.??.??"]
[Round "?"]
[White "McCarter, Robert"]
[Black "Serwatowski, Felix"]
[Result "1-0"]
[WhiteElo "1725"]
[BlackElo "1605"]
[PlyCount "81"]
[EventDate "1990.??.??"]

1. d4 Nf6 2. Nf3 g6 3. Bg5 Bg7 4. e3 O-O 5. c4 d6 6. Nc3 Bf5 7. Be2 c6 8. Bxf6
Bxf6 9. e4 Bc8 10. O-O Qc7 11. Rc1 b6 12. d5 c5 13. Nb5 Qd8 14. e5 dxe5 15. d6
a6 16. Qd5 Qd7 17. Qxa8 Bb7 18. Qa7 axb5 19. Qxb6 exd6 20. Rfd1 Bd8 21. Qxd6
Qxd6 22. Rxd6 Bc7 23. Rdd1 b4 24. Nd2 e4 25. Nb3 Na6 26. Rd7 Bc8 27. Re7 Bb7
28. Nxc5 Nxc5 29. Rxc7 Rc8 30. Rxc8+ Bxc8 31. Rd1 Bf5 32. Rd5 Na4 33. Rb5 Nxb2
34. Rxb4 Nd3 35. Bxd3 exd3 36. Rb2 Bd7 37. Rd2 Be6 38. c5 Bc4 39. c6 Ba6 40. c7
Kf8 41. Rxd3 1-0

[Event "Lansing (Mini-Swiss.4/1)"]
[Site "?"]
[Date "1990.??.??"]
[Round "?"]
[White "McCarter, Robert"]
[Black "Saulmon, Scott"]
[Result "0-1"]
[WhiteElo "1715"]
[BlackElo "1620"]
[PlyCount "80"]
[EventDate "1990.??.??"]

{4/(1)} 1. d4 Nf6 2. Nf3 g6 3. e3 Bg7 4. Bd3 d6 5. O-O O-O 6. c4 c6 7. Nc3 Nbd7
8. b4 e5 9. Qc2 Qe7 10. a4 d5 11. cxd5 cxd5 12. dxe5 Nxe5 13. Be2 Bf5 14. Qd2
Rfd8 15. Ba3 Nxf3+ 16. Bxf3 Ne4 17. b5 Qxa3 18. Nxe4 Bxa1 19. Ng3 Be6 20. Qd1
Be5 21. Ne2 Rac8 22. Nd4 Bxd4 23. Qxd4 b6 24. Be2 Rc2 25. Qf6 Rdc8 26. Bd1 Rc1
27. h4 Qd3 28. Qf3 h5 29. Qe2 Qxe2 30. Bxe2 Rxf1+ 31. Bxf1 Rc1 32. f3 Ra1 33.
Kf2 Rxa4 34. Bd3 Rxh4 35. Kg3 Rb4 36. Be2 Bd7 37. e4 dxe4 38. fxe4 Rxe4 39. Bf3
Re3 40. Kf2 Rxf3+ 0-1

[Event "Detroit (MOR/3/24)"]
[Site "?"]
[Date "1990.??.??"]
[Round "?"]
[White "McCarter, Robert"]
[Black "Lingar, R."]
[Result "1/2-1/2"]
[WhiteElo "1745"]
[BlackElo "1605"]
[PlyCount "95"]
[EventDate "1990.??.??"]

{3/(24)} 1. d4 d5 2. Nf3 e6 3. e3 c5 4. c3 Nc6 5. Bd3 Nf6 6. Nbd2 Be7 7. O-O
O-O 8. Qe2 a5 9. dxc5 Bxc5 10. e4 e5 11. exd5 Nxd5 12. Nb3 Bd6 13. Re1 Re8 14.
Bxh7+ Kxh7 15. Qe4+ Kg8 16. Qxd5 e4 17. Rd1 exf3 18. Bg5 Bxh2+ 19. Kxh2 Qxd5
20. Rxd5 Re2 21. Rd2 Rxd2 22. Nxd2 fxg2 23. Kxg2 f6 24. Be3 Be6 25. Nb3 Ne5 26.
Nc5 Bd5+ 27. Kg3 b6 28. Nb3 Nc4 29. Rd1 Nxe3 30. fxe3 Bxb3 31. axb3 b5 32. Rd5
Rb8 33. e4 a4 34. Rd4 axb3 35. Rb4 Re8 36. Kf3 Re5 37. Rxb3 Kh7 38. Rb4 g5 39.
Rd4 Kg6 40. b3 Kh5 41. c4 bxc4 42. Rxc4 Rb5 43. b4 Kh4 44. e5+ Kh5 45. exf6
Rf5+ 46. Kg3 Rxf6 47. b5 Rb6 48. Rc5 1/2-1/2

[Event "Flint (Class B/2)"]
[Site "?"]
[Date "1990.??.??"]
[Round "?"]
[White "McCarter, Robert"]
[Black "Kosanovich, M."]
[Result "1-0"]
[WhiteElo "1705"]
[BlackElo "1650"]
[PlyCount "50"]
[EventDate "1990.??.??"]

1. d4 Nf6 2. Nf3 g6 3. Bg5 Bg7 4. Nbd2 O-O 5. e3 d5 6. Bd3 Nbd7 7. O-O h6 8.
Bxf6 Nxf6 9. c3 Qd6 10. e4 dxe4 11. Nxe4 Nxe4 12. Bxe4 f5 13. Bc2 Be6 14. Re1
Bd5 15. Ne5 Bxe5 16. Rxe5 Rf6 17. Rxd5 Qb6 18. Bb3 e6 19. Re5 g5 20. Qe2 Re8
21. Re1 Kf7 22. d5 Kg6 23. Rxe6 Rfxe6 24. dxe6 Re7 25. Qe5 h5 1-0

[Event "Detroit (MOR/5/26)"]
[Site "?"]
[Date "1990.??.??"]
[Round "?"]
[White "McCarter, Robert"]
[Black "Kezele, P."]
[Result "1-0"]
[WhiteElo "1740"]
[BlackElo "1605"]
[PlyCount "51"]
[EventDate "1990.??.??"]

{5/(26)} 1. d4 Nf6 2. Nf3 d5 3. e3 Nc6 4. c4 Bf5 5. Nc3 Nb4 6. Qa4+ Nc6 7. cxd5
Nxd5 8. Ne5 Nb6 9. Nxc6 Nxa4 10. Nxd8 Nxc3 11. Nxb7 Nd5 12. e4 Rb8 13. Bb5+ Bd7
14. Bxd7+ Kxd7 15. Nc5+ Kd6 16. exd5 Kxd5 17. Nb3 e6 18. Bf4 Bb4+ 19. Ke2 Rhc8
20. Rac1 Rb7 21. Rc2 a5 22. Kd3 a4 23. Nc5 Ra7 24. a3 Ba5 25. Nxa4 Rb8 26. Rc5#
1-0

[Event "Detroit (RVO/2)"]
[Site "?"]
[Date "1990.??.??"]
[Round "?"]
[White "McCarter, Robert"]
[Black "Householder, James"]
[Result "1-0"]
[WhiteElo "1725"]
[BlackElo "1605"]
[PlyCount "73"]
[EventDate "1990.??.??"]

1. d4 Nf6 2. Nf3 e6 3. e3 c5 4. c3 Qa5 5. Bd3 Nc6 6. Nbd2 cxd4 7. exd4 b5 8.
O-O d5 9. Re1 Bd6 10. Ne5 Bxe5 11. dxe5 Nd7 12. Nf3 Rb8 13. Qe2 a6 14. Bd2 Qc7
15. Rac1 Nc5 16. Bb1 a5 17. Nd4 Ba6 18. f4 Kd7 19. f5 h5 20. fxe6+ fxe6 21. Bg6
Qd8 22. Rf1 b4 23. Rf7+ Kc8 24. Qxa6+ Nxa6 25. cxb4 Naxb4 26. Bxb4 Rxb4 27.
Rxc6+ Kb8 28. Nxe6 Qh4 29. g3 Qg4 30. Bc2 Rxb2 31. Bb3 Qb4 32. Bxd5 Qe1+ 33.
Rf1 Qxe5 34. Nc7 Qe3+ 35. Kh1 Rf2 36. Rb1+ Kc8 37. Ne6+ 1-0

[Event "Detroit (MOR/1a/9)"]
[Site "?"]
[Date "1990.??.??"]
[Round "?"]
[White "McCarter, Robert"]
[Black "Fletcher, G."]
[Result "0-1"]
[WhiteElo "1745"]
[BlackElo "1605"]
[PlyCount "74"]
[EventDate "1990.??.??"]

1. d4 d5 2. Nf3 Nc6 3. e3 Nf6 4. c4 e6 5. Nc3 Bb4 6. a3 Bxc3+ 7. bxc3 O-O 8.
cxd5 exd5 9. c4 Bg4 10. h3 Bh5 11. cxd5 Qxd5 12. Be2 Rfe8 13. O-O Re6 14. Rb1
b6 15. Bd2 a6 16. Qa4 Rd6 17. Rfc1 Ra7 18. Bc4 Qf5 19. Be2 Ne4 20. Bb4 b5 21.
Qc2 Rg6 22. Kh2 Nxd4 23. Nxd4 Qxf2 24. Bf1 Qg3+ 25. Kh1 Nf2+ 26. Kg1 Nxh3+ 27.
Kh1 Qxe3 28. Bd3 Nf2+ 29. Qxf2 Qxf2 30. Bxg6 Bxg6 31. Re1 Ra8 32. Rbd1 f6 33.
Nc6 Re8 34. Rxe8+ Bxe8 35. Rd8 Kf7 36. Ra8 Bxc6 37. Rxa6 Qxg2# 0-1

[Event "Flint (Class B/4)"]
[Site "?"]
[Date "1990.??.??"]
[Round "?"]
[White "McCarter, Robert"]
[Black "Croel, Duane"]
[Result "0-1"]
[WhiteElo "1705"]
[BlackElo "1740"]
[PlyCount "113"]
[EventDate "1990.??.??"]

1. d4 Nf6 2. Nf3 d5 3. e3 g6 4. c4 Bg7 5. Nc3 O-O 6. Be2 c6 7. Qb3 dxc4 8. Bxc4
Nbd7 9. O-O Nb6 10. Be2 Be6 11. Qd1 Nbd5 12. Ng5 Nxc3 13. bxc3 Bf5 14. Qb3 Qc7
15. Bc4 e6 16. a4 Ng4 17. f4 h6 18. Nf3 Be4 19. h3 Nf6 20. Nd2 Bd5 21. Ba3 Rfe8
22. Qc2 Bxc4 23. Nxc4 Nd5 24. Qd3 Rad8 25. Bc1 Nb6 26. e4 c5 27. Nxb6 Qxb6 28.
Rb1 Qc6 29. Be3 Rd7 30. Qb5 Qxb5 31. Rxb5 cxd4 32. cxd4 Bxd4 33. Bxd4 Rxd4 34.
Rxb7 Rxa4 35. e5 Rd8 36. g4 Rd2 37. Rf2 Rxf2 38. Kxf2 Rxf4+ 39. Ke3 Ra4 40. Rd7
Ra3+ 41. Ke4 a5 42. Ra7 a4 43. h4 Ra1 44. Kd3 a3 45. Kc2 Rg1 46. Rxa3 Rxg4 47.
h5 g5 48. Ra8+ Kg7 49. Kd3 Rh4 50. Ra2 Rxh5 51. Ke4 Rh4+ 52. Kf3 Rf4+ 53. Ke3
h5 54. Rd2 Kg6 55. Rd7 h4 56. Rd8 Kg7 57. Ra8 0-1

[Event "Detroit (MCO/2/22)"]
[Site "?"]
[Date "1990.??.??"]
[Round "?"]
[White "McCarter, Robert"]
[Black "Chaney, M."]
[Result "1-0"]
[WhiteElo "1720"]
[BlackElo "1605"]
[PlyCount "61"]
[EventDate "1990.??.??"]

{2/(22)} 1. d4 d5 2. Nf3 Nc6 3. e3 Bf5 4. c4 e6 5. cxd5 exd5 6. Nc3 Nf6 7. a3
Bd6 8. Qb3 Be6 9. Qxb7 Ne7 10. Bb5+ Nd7 11. Bc6 Nxc6 12. Qxc6 O-O 13. Nb5 Nf6
14. Nxd6 cxd6 15. Bd2 Rc8 16. Qa4 Qc7 17. O-O Bf5 18. Rfc1 Bc2 19. Qa6 Rb8 20.
Ba5 Qc8 21. Qe2 Rxb2 22. Ne1 Qf5 23. Rxc2 Rfb8 24. Rxb2 Rxb2 25. Qxb2 g6 26.
Qb8+ Kg7 27. Qxd6 Ne4 28. Qe5+ Qxe5 29. dxe5 Nc5 30. Bc3 Kg8 31. Bd4 1-0

[Event "Lansing (MI Am/2/12)"]
[Site "?"]
[Date "1990.??.??"]
[Round "?"]
[White "McCarter, Robert"]
[Black "Chandler, P."]
[Result "0-1"]
[WhiteElo "1705"]
[BlackElo "1910"]
[PlyCount "98"]
[EventDate "1990.??.??"]

{2/(12)} 1. d4 f5 2. Nf3 e6 3. Bf4 Nf6 4. h3 Be7 5. e3 O-O 6. Bd3 d6 7. c4 Qe8
8. O-O Nc6 9. a3 Bd8 10. Bc2 e5 11. dxe5 Nxe5 12. Nbd2 h6 13. Qe2 Nxf3+ 14.
Nxf3 g5 15. Bh2 Qh5 16. Nd4 Qxe2 17. Nxe2 Ne4 18. Rad1 Bf6 19. f3 Nc5 20. b4
Na6 21. Nd4 Bg7 22. Rfe1 Bd7 23. Bb3 Kh8 24. Bc2 Rae8 25. Bg3 f4 26. exf4 Rxe1+
27. Bxe1 Rxf4 28. Bf2 c5 29. Nb5 Rxc4 30. Nxd6 Rxc2 31. Nf7+ Kg8 32. Rxd7 cxb4
33. axb4 Nxb4 34. Rxb7 a5 35. g3 Nd3 36. Be3 a4 37. Nd6 a3 38. Nf5 Bf8 39. Rb8
Kf7 40. Bd4 a2 41. Rb7+ Ke6 42. Rb6+ Kd7 43. Ra6 Bc5 44. Bxc5 Nxc5 45. Rd6+ Kc7
46. Rd1 Rb2 47. Ne3 Rb1 48. Nd5+ Kb7 49. Nc3 Rxd1+ 0-1

[Event "Detroit (MCO/4/13)"]
[Site "?"]
[Date "1990.??.??"]
[Round "?"]
[White "McCarter, Robert"]
[Black "Calton, Bill"]
[Result "0-1"]
[WhiteElo "1720"]
[BlackElo "2025"]
[PlyCount "104"]
[EventDate "1990.??.??"]

{4/(13)} 1. d4 g6 2. Nf3 Bg7 3. c4 Nf6 4. Nc3 d5 5. e3 O-O 6. Be2 dxc4 7. Bxc4
c5 8. O-O cxd4 9. exd4 Nc6 10. a3 Bg4 11. d5 Bxf3 12. Qxf3 Ne5 13. Qe2 Nxc4 14.
Qxc4 Rc8 15. Qb3 Qc7 16. g3 Rfd8 17. Rd1 Nd7 18. Bf4 Qb6 19. Qxb6 Nxb6 20. Be3
Nc4 21. Rab1 b6 22. Nb5 Nxb2 23. Rdc1 h5 24. Nxa7 Rxc1+ 25. Rxc1 Rxd5 26. Rc8+
Kh7 27. Bxb6 Rd1+ 28. Kg2 Ra1 29. Bc5 Nd3 30. Bxe7 Ra2 31. Rd8 Nxf2 32. Kf3 Ng4
33. Bb4 Nxh2+ 34. Ke4 Nf1 35. Rd3 Rg2 36. Bd6 f5+ 37. Kf3 Rd2 38. Rxd2 Nxd2+
39. Ke2 Nc4 40. Nb5 Nxd6 41. Nxd6 Be5 42. Nf7 Bxg3 43. a4 Bc7 44. Ng5+ Kh6 45.
Ne6 Bb6 46. Kd3 h4 47. Nf4 g5 48. Nd5 h3 49. Nxb6 h2 50. a5 h1=Q 51. Kc4 Qc6+
52. Kb4 g4 0-1

[Event "Detroit (MI Op/2/12)"]
[Site "?"]
[Date "1990.??.??"]
[Round "?"]
[White "Mazuchowski, Tom"]
[Black "Zacks, Naum"]
[Result "1-0"]
[WhiteElo "2185"]
[BlackElo "1895"]
[PlyCount "61"]
[EventDate "1990.??.??"]

{2/(12)} 1. e4 g6 2. d4 Bg7 3. Nc3 d6 4. h3 c6 5. Nf3 Nf6 6. Be3 O-O 7. a4 Nbd7
8. a5 b5 9. axb6 Qxb6 10. Na4 Qa5+ 11. Qd2 Qxd2+ 12. Nxd2 Rb8 13. f3 Nh5 14.
Kf2 e5 15. Nb3 Rb4 16. Bd2 Rb8 17. Bc3 Nb6 18. dxe5 dxe5 19. Nac5 f5 20. Rxa7
fxe4 21. Nxe4 Rf7 22. Rxf7 Kxf7 23. Nbc5 Ke7 24. b3 Nd5 25. Bb2 Nhf4 26. g3 Ne6
27. Bc4 Nd4 28. Ra1 Nb5 29. Bxb5 cxb5 30. Ra7+ Kf8 31. Rxg7 1-0

[Event "Detroit (MCO/4/5)"]
[Site "?"]
[Date "1990.??.??"]
[Round "?"]
[White "Mazuchowski, Tom"]
[Black "Wilson, Vester"]
[Result "0-1"]
[WhiteElo "2210"]
[BlackElo "2100"]
[PlyCount "62"]
[EventDate "1990.??.??"]

{4/(5)} 1. d4 d5 2. Nf3 Nf6 3. e3 Bg4 4. Nbd2 e6 5. Be2 Bd6 6. h3 Bh5 7. b3
Nbd7 8. Bb2 c5 9. O-O Rc8 10. c4 Bb8 11. Ne5 Bxe2 12. Qxe2 Nxe5 13. dxe5 Nd7
14. cxd5 exd5 15. e6 fxe6 16. Bxg7 Rg8 17. Qh5+ Ke7 18. Qxh7 Kd6 19. f4 Kc6 20.
Bb2 Bd6 21. Nf3 Rg3 22. Rac1 Qg8 23. Qxg8 Rcxg8 24. Rf2 Rxh3 25. Nd4+ Kb6 26.
Nxe6 Rxe3 27. f5 Ka6 28. Nf4 d4 29. Kf1 Nf6 30. Rc4 Ng4 31. Nd5 Nh2+ 0-1

[Event "Flint (MEX/2)"]
[Site "?"]
[Date "1990.??.??"]
[Round "?"]
[White "Mazuchowski, Tom"]
[Black "Ward, Tom"]
[Result "1-0"]
[WhiteElo "2225"]
[BlackElo "2090"]
[PlyCount "97"]
[EventDate "1990.??.??"]

1. e4 c5 2. Nf3 d6 3. d4 cxd4 4. Nxd4 Nf6 5. Nc3 a6 6. Bc4 b5 7. Bb3 e6 8. f4
Bb7 9. e5 dxe5 10. fxe5 Ne4 11. Nxe4 Bxe4 12. O-O Bc5 13. c3 O-O 14. Kh1 Nc6
15. Nxc6 Bxc6 16. Qg4 Qd3 17. Bh6 Qg6 18. Qxg6 hxg6 19. Bg5 a5 20. a3 Rab8 21.
Rad1 Rfc8 22. Rd3 b4 23. axb4 axb4 24. c4 Kf8 25. Bd1 Be7 26. Bxe7+ Kxe7 27.
Bf3 Be8 28. b3 Rd8 29. Rdd1 Rxd1 30. Rxd1 Rd8 31. h4 Rxd1+ 32. Bxd1 Kd7 33. Bf3
Kc7 34. Kg1 Kb6 35. Kf2 Kc5 36. Ke3 f6 37. exf6 gxf6 38. g4 g5 39. h5 f5 40. h6
Bg6 41. gxf5 exf5 42. Bd5 Bh7 43. Bf7 Kd6 44. Kd4 Ke7 45. Bd5 Kf6 46. c5 Bg6
47. c6 Ke7 48. Ke5 Bh7 49. Be6 1-0

[Event "Detroit (MI Op/6/2)"]
[Site "?"]
[Date "1990.??.??"]
[Round "?"]
[White "Mazuchowski, Tom"]
[Black "Thompson, Dexter"]
[Result "0-1"]
[WhiteElo "2185"]
[BlackElo "2315"]
[PlyCount "82"]
[EventDate "1990.??.??"]

{6/(2)} 1. Nf3 d5 2. g3 Nf6 3. Bg2 c6 4. O-O Bf5 5. d3 h6 6. Nbd2 e6 7. b3 Nbd7
8. Bb2 Bc5 9. Qe1 O-O 10. e4 dxe4 11. dxe4 Bh7 12. h3 Bb6 13. Kh2 a5 14. c4 Nc5
15. Ba3 Re8 16. Bxc5 Bxc5 17. e5 Nd7 18. Ne4 Bb4 19. Qe2 Qc7 20. a3 Bxe4 21.
Qxe4 Bc3 22. Rae1 Bxe1 23. Rxe1 Red8 24. b4 axb4 25. axb4 Ra2 26. Kg1 Qb6 27.
c5 Qc7 28. Bf1 Nf8 29. Bc4 Rb2 30. Bd3 Qd7 31. Re3 Rb3 32. Ne1 Ng6 33. Qc4 Qd5
34. Qc2 Rxb4 35. Bxg6 fxg6 36. Qxg6 Rf8 37. g4 Rbf4 38. Nd3 Rf3 39. g5 hxg5 40.
Qxg5 Rxe3 41. Qxg7+ Kxg7 0-1

[Event "Lansing (MI Inv/4)"]
[Site "?"]
[Date "1990.??.??"]
[Round "?"]
[White "Mazuchowski, Tom"]
[Black "Noren, Kevin"]
[Result "0-1"]
[WhiteElo "2240"]
[BlackElo "2265"]
[PlyCount "80"]
[EventDate "1990.??.??"]

1. e4 e6 2. d4 d5 3. Nc3 Bb4 4. e5 c5 5. a3 Bxc3+ 6. bxc3 Ne7 7. Nf3 Bd7 8. a4
Qa5 9. Bd2 Nbc6 10. Bd3 c4 11. Be2 f6 12. exf6 gxf6 13. O-O O-O-O 14. Re1 Nf5
15. Bf1 h5 16. Qc1 Rdg8 17. Qb2 Qc7 18. a5 Kd8 19. Qa2 Bc8 20. Kh1 Rg4 21. h3
Rg6 22. Qa3 Rhg8 23. Reb1 e5 24. Qc5 Nfe7 25. dxe5 fxe5 26. Be3 Bxh3 27. gxh3
e4 28. Ng5 Rxg5 29. Bxg5 Rxg5 30. Bxc4 Qf4 31. Bf1 d4 32. Qxg5 Qxg5 33. cxd4 e3
34. fxe3 Nf5 35. Bg2 Nxe3 36. Rg1 Qh4 37. c3 Ne7 38. Rge1 N7f5 39. c4 Qf2 40.
Rg1 Ng3+ 0-1